[Event "Steinfurt Bezirksklasse 1516"]
[Site "Germany"]
[Date "2016.01.30"]
[Round "6.5"]
[White "Hillen, Thomas"]
[Black "Bloom, Peter"]
[Result "1-0"]
[WhiteElo "1461"]
[BlackElo "1125"]
[PlyCount "69"]
[EventDate "2015.09.05"]
[EventType "team-tourn"]
[EventRounds "9"]
[EventCountry "GER"]
[SourceTitle "EXT 2017"]
[Source "ChessBase"]
[SourceDate "2016.10.25"]
[SourceVersion "1"]
[SourceVersionDate "2016.10.25"]
[SourceQuality "1"]
[WhiteTeam "Emsdetten Rochade V"]
[BlackTeam "Reckenfeld II"]
[WhiteTeamCountry "GER"]
[BlackTeamCountry "GER"]

1. Nf3 c5 2. c4 e6 3. Nc3 Nf6 4. d3 Nc6 5. Bf4 a6 6. g3 h6 7. Bg2 d6 8. 0-0 e5 9. Be3 Ng4 10. Bd2 Be6 11. Ne1 Be7 12. Nc2 Qc7 13. Ne3 Nf6 14. Ned5 Bxd5 15. Nxd5 Qd8 16. Qa4 0-0 17. Nxf6+ Bxf6 18. Bxc6 bxc6 19. Qxc6 Re8 20. e4 a5 21. Qa4 Qb6 22. Rab1 h5 23. h4 Rf8 24. Bc3 Bd8 25. f4 Qc7 26. fxe5 Qc8 27. Qd1 g6 28. exd6 Qh3 29. Qf3 f6 30. e5 f5 31. Qxa8 Qxg3+ 32. Qg2 Qe3+ 33. Kh1 Kh7 34. Rbe1 Qxd3 35. Rg1 1-0

[Event "Steinfurt Bezirksklasse 1516"]
[Site "Germany"]
[Date "2015.09.26"]
[Round "2.5"]
[White "Kretschmer, Sven"]
[Black "Bloom, Peter"]
[Result "0-1"]
[WhiteElo "912"]
[BlackElo "1125"]
[PlyCount "58"]
[EventDate "2015.09.05"]
[EventType "team-tourn"]
[EventRounds "9"]
[EventCountry "GER"]
[SourceTitle "EXT 2017"]
[Source "ChessBase"]
[SourceDate "2016.10.25"]
[SourceVersion "1"]
[SourceVersionDate "2016.10.25"]
[SourceQuality "1"]
[WhiteTeam "Ibbenbueren III"]
[BlackTeam "Reckenfeld II"]
[WhiteTeamCountry "GER"]
[BlackTeamCountry "GER"]

1. e4 c5 2. Nf3 e6 3. Nc3 Nc6 4. Bc4 a6 5. d3 h6 6. Be3 b5 7. Bb3 Nf6 8. 0-0 Bd6 9. Qd2 Ng4 10. h3 Nxe3 11. Qxe3 0-0 12. e5 Be7 13. Rad1 Nd4 14. Qe4 Bb7 15. Qe3 Nxb3 16. axb3 d5 17. Ne2 d4 18. Qf4 b4 19. Rfe1 a5 20. Ra1 Qd7 21. c3 dxc3 22. bxc3 Qxd3 23. cxb4 axb4 24. Nc1 Qd5 25. Qd2 Qxd2 26. Nxd2 Rxa1 27. Rd1 Rd8 28. g3 Bg5 29. f4 Be7 0-1